000 00799nam a2200277Ia 4500
003 OSt
005 20221006160529.0
006 a|||||r|||| 00| 0
007 ta
008 221006b |||||||| |||| 00| 0 eng d
020 _a9780521582407
_c
_125.34
024 _a45,408
037 _cTextual
040 _aEASL
_cEASL
_beng
041 _2eng
_aeng
082 _aX.42.N89, N7
100 _aGAO Bai
_9582323
245 0 _aEconomic ideology and Japanese industrial policy
_b developmentalism from 1931 to 1965
260 _aNY
_bCambridge University press
_c1997
300 _a378p.
_ccm.
490 _v JEL
650 _a Japan- economic conditions
650 _aJapan- economic policy
_9577765
942 _hX.42.N89, N7
_cTEXL
_2CC
999 _c1113500
_d1113500